000 02169nam0a2200373 4500
001 RU\NLR\bibl\1467088
005 20260405194148.0
010 _a978-5-7142-1127-0
_9500
021 _aRU
_b2009-97677
_96207
035 _a(nilc)RSL-KNO-004420538
035 _a(NLR Aleph) 001458815
090 _a1570111
_c1570111
100 _a20091127d2009 |||y0rusy50 ca
101 0 _arus
102 _aRU
105 _aa zzzz|||||
200 1 _aОсновные направления совершенствования управлением общим образованием на региональном уровне
_eмонография
_fА. В. Клюев, Е. О. Соловьева
_gМ-во образования и науки Российской Федерации, ГОУ ВПО "Сургутский гос. ун-т Ханты-Мансийского авт. окр. - Югры"
210 _aШадринск
_cШадринский Дом Печати
_aСургут
_cСургутский государственный университет
_d2009
215 _a53 с.
_cил.
_d20
225 1 _aОбразование XXI века
320 _aБиблиогр.: с. 52-53 (15 назв.) и в подстроч. прим.
606 1 _aШкольное образование
_yХанты-Мансийский автономный округ-Югра
_92510247
_3RU\NLR\AUTH\661488195
606 1 _aШкольное образование
_xМодернизация
_yХанты-Мансийский автономный округ-Югра
_92605444
_3RU\NLR\auth\661542002
686 _aЧ424(2Р-4Тю-6Х)к,0
_2rubbk
686 _aЧ424(2Р-4Тю-6Х)
700 1 _4070
_8rus
_7ca
_aКлюев
_bА. В.
_f1941-
_gАнатолий Владимирович
_3RU\NLR\auth\7732054
_915064
701 1 _4070
_8rus
_7ca
_aСоловьева
_bЕ. О.
_cканд. социол. наук, образование
_gЕкатерина Олеговна
_3RU\NLR\AUTH\7785894
_968822
801 0 _aRU
_bRuMoRGB
_c20091127
_grcr
801 1 _aRU
_bRuMoRGB
_c20091127
801 2 _aRU
_bNLR
_c20100130
_grcr
942 _cBOOK
980 _aNB